000
00321nam a2200133Ia 4500
008
240624s9999 xx 000 0 und d
041
_a
eng
082
_a
954 GHO
100
_a
GHOSH VISHWA JYOTI
245
_a
DELHI CALM
260
_c
2010
_a
New Delhi
_b
Harper Collins Publishers
300
_a
246 : p.
365
_c
RS
_b
27
999
_c
15535
_d
15535